[Event "Gibraltar Masters"]
[Site "Caleta ENG"]
[Date "2011.01.31"]
[Round "7.79"]
[White "Lasinskas, Povilas"]
[Black "Costello, Colin A"]
[Result "1/2-1/2"]
[WhiteTitle "FM"]
[WhiteElo "2164"]
[BlackElo "1975"]
[WhiteFideId "12800503"]
[BlackFideId "403580"]
[EventDate "2011.01.25"]
[EventType "swiss"]

1. d4 Nf6 2. c4 e6 3. Nc3 d5 4. Bg5 Be7 5. e3 Nbd7 6. Nf3 O-O 7. Qc2 c6 8. Bd3
dxc4 9. Bxc4 Nd5 10. Ne4 Qa5+ 11. Kf1 N5f6 12. h4 e5 13. Nxf6+ Bxf6 14. Bxf6
Nxf6 15. Nxe5 Be6 16. a3 Nd5 17. Bd3 f5 18. g4 g6 19. Ke2 c5 20. h5 cxd4 21.
hxg6 Nxe3 22. gxh7+ Kg7 23. fxe3 Qxe5 24. Qd2 dxe3 25. Qc3 Qxc3 26. bxc3 fxg4
27. Raf1 Bd5 28. Rxf8 Rxf8 29. Rg1 Bf3+ 30. Kxe3 Rd8 31. Bf5 Rd5 32. Kf4 Rxf5+
33. Kxf5 Kxh7 34. Re1 Kg7 35. c4 Kf7 36. c5 a6 37. a4 Bc6 38. a5 g3 39. Ke5 g2
40. Kf4 Kg6 41. Kg3 Kf5 42. Kf2 Be4 43. Re3 Ke5 44. Rg3 Bc6 45. Rd3 Ke4 46. Rd2
Ke5 47. Rd3 Ke4 48. Rd2 1/2-1/2

[Event "Gibraltar Masters"]
[Site "Caleta ENG"]
[Date "2011.01.31"]
[Round "7.80"]
[White "Becker, Thomas1"]
[Black "Garcia De Lomas Guerrero, Carlos"]
[Result "1/2-1/2"]
[WhiteElo "2031"]
[BlackElo "1940"]
[WhiteFideId "4624904"]
[BlackFideId "2245876"]
[EventDate "2011.01.25"]
[EventType "swiss"]

1. e4 e6 2. d4 d5 3. Nc3 Nf6 4. Bg5 Be7 5. e5 Nfd7 6. h4 c5 7. Nb5 f6 8. exf6
Nxf6 9. Nf3 a6 10. Nc3 Nc6 11. dxc5 Bxc5 12. Qd2 h6 13. Bxf6 Qxf6 14. O-O-O Bb4
15. Qd3 Bxc3 16. Qxc3 Qxc3 17. bxc3 b5 18. Nd4 Bd7 19. f4 O-O 20. g3 Rac8 21.
Bh3 Nxd4 22. cxd4 Rc3 23. Rd3 Rfc8 24. Rxc3 Rxc3 25. Rg1 Rc4 26. Rd1 Rc3 27. Rd3
Rxd3 28. cxd3 Kf7 29. a3 Ke7 30. Kb2 a5 31. Kc3 Kd6 1/2-1/2

[Event "Gibraltar Masters"]
[Site "Caleta ENG"]
[Date "2011.01.31"]
[Round "7.81"]
[White "Daumen, Michael"]
[Black "Brown, David"]
[Result "1-0"]
[WhiteElo "2130"]
[BlackElo "1923"]
[WhiteFideId "4672283"]
[BlackFideId "416150"]
[EventDate "2011.01.25"]
[EventType "swiss"]

1. d4 d5 2. c4 e6 3. Nc3 Be7 4. cxd5 exd5 5. Qc2 Na6 6. a3 c6 7. Bf4 Nc7 8. Bxc7
Qxc7 9. Nxd5 Qa5+ 10. Nc3 Bf5 11. e4 Bg6 12. O-O-O Nf6 13. f4 Ng4 14. Re1 Bxa3
15. bxa3 Qxa3+ 16. Kd1 O-O-O 17. Nf3 Bh5 18. Ke2 Qa6+ 19. Kd2 Qa5 20. Bd3 Nf2
21. Rhf1 Nxd3 22. Kxd3 Bxf3 23. gxf3 b5 24. Ke3 Qb6 25. Nd5 Qb7 26. Nb4 Rd6 27.
Qc5 Rhd8 28. d5 Qb6 29. Qxb6 axb6 30. Nxc6 Re8 31. Kd4 Rh6 32. Rf2 Rh4 33. f5 g6
34. fxg6 hxg6 35. Ra1 Kd7 36. Ne5+ Rxe5 37. Kxe5 1-0

[Event "Gibraltar Masters"]
[Site "Caleta ENG"]
[Date "2011.01.31"]
[Round "7.82"]
[White "Hvenekilde, Jorgen"]
[Black "Salomon, Johan"]
[Result "1-0"]
[WhiteTitle "FM"]
[WhiteElo "2121"]
[BlackElo "1836"]
[WhiteFideId "1400649"]
[BlackFideId "1509500"]
[EventDate "2011.01.25"]
[EventType "swiss"]

1. d4 Nf6 2. c4 g6 3. Nc3 d5 4. Nf3 Bg7 5. cxd5 Nxd5 6. e4 Nxc3 7. bxc3 c5 8.
Bb5+ Nd7 9. O-O Qa5 10. Qa4 Qxa4 11. Bxa4 O-O 12. Ba3 Nb6 13. Bb3 cxd4 14. cxd4
Bg4 15. Rad1 Rfe8 16. Rd3 Bd7 17. Rc1 Rac8 18. Rxc8 Rxc8 19. Bxe7 Re8 20. Bc5
Rxe4 21. Bxf7+ Kh8 22. Re3 Bc6 23. Rxe4 Bxe4 24. Ng5 Bc6 25. Bb3 Bf6 26. Ne6 Nc8
27. d5 Bd7 28. f3 b6 29. Bd4 Bxd4+ 30. Nxd4 Kg7 31. Kf2 Nd6 32. Ke3 Nb7 33. Nc6
a5 34. Kd4 Kf6 35. Bc2 Nd6 36. Bd3 h6 37. Ne5 Nb5+ 38. Bxb5 Bxb5 39. Ng4+ Kg7
40. Ke5 h5 41. Ne3 Kf7 42. Kd6 Bd3 43. Kc7 b5 44. d6 b4 45. d7 1-0

[Event "Gibraltar Masters"]
[Site "Caleta ENG"]
[Date "2011.01.31"]
[Round "7.83"]
[White "Vinas Guerrero, Carlos A."]
[Black "Lee, Kai Jie Edward"]
[Result "1/2-1/2"]
[WhiteElo "2121"]
[BlackElo "1833"]
[WhiteFideId "2216868"]
[BlackFideId "5802920"]
[EventDate "2011.01.25"]
[EventType "swiss"]

1. e4 e5 2. Nf3 Nf6 3. Nxe5 d6 4. Nf3 Nxe4 5. Nc3 Nxc3 6. dxc3 Be7 7. Bf4 Nc6 8.
Qd2 h6 9. O-O-O Be6 10. h4 Qd7 11. Qe3 a6 12. c4 O-O-O 13. Be2 Rhe8 14. Rhe1 Bg4
15. Qa3 Bxf3 16. Qxf3 Bxh4 17. Qh5 Bxf2 18. Bg4 Bxe1 19. Bxd7+ Rxd7 20. c5 Re6
21. cxd6 cxd6 22. Qg4 g5 23. Bxd6 Bf2 24. c3 Be3+ 25. Kc2 Nd4+ 26. cxd4 Rexd6
27. d5 Kd8 28. Qe4 Bf4 29. g4 Re7 30. Qd3 Re3 31. Qc4 b5 32. Qf1 Rg3 33. Kb1
Rxg4 34. Re1 Rg3 35. Rd1 Re3 36. Qh1 f5 37. Qh5 Re7 38. Rd3 Be5 39. Rd2 Rf6 40.
Rc2 g4 41. Rc6 Rxc6 42. dxc6 Kc7 43. Qxf5 g3 44. Qf8 Rg7 45. Qc5 Rg5 46. Qa7+
Kxc6 47. Qxa6+ Kd5 48. Qxb5+ Ke4 49. Qe2+ Kf5 50. Qf3+ Kg6 51. Qe4+ Kh5 52. Qf3+
Kh4 53. Qe4+ Kh3 54. Qh1+ Kg4 55. a4 Kf5 1/2-1/2

[Event "Gibraltar Masters"]
[Site "Caleta ENG"]
[Date "2011.01.31"]
[Round "7.84"]
[White "Steil-Antoni, Fiona"]
[Black "Hegvik, Leif Trygve"]
[Result "1-0"]
[WhiteTitle "WIM"]
[WhiteElo "2118"]
[BlackElo "1814"]
[WhiteFideId "4001249"]
[BlackFideId "1507176"]
[EventDate "2011.01.25"]
[EventType "swiss"]

1. e4 e5 2. Nf3 Nc6 3. d4 exd4 4. Nxd4 Bc5 5. Nb3 Bb6 6. Nc3 d6 7. Qe2 Be6 8.
Nd5 Nge7 9. Nxb6 axb6 10. g3 Qd7 11. Bg2 O-O 12. O-O Bh3 13. Bd2 Bxg2 14. Kxg2
f5 15. f4 fxe4 16. Qxe4 Rae8 17. Rae1 Nf5 18. Qd3 Qf7 19. Bc3 Kh8 20. a3 h6 21.
Nd2 Re6 22. Nf3 Rfe8 23. Rxe6 Rxe6 24. Re1 Rxe1 25. Bxe1 Qe6 26. Kf2 Kg8 27. Bc3
Kf7 28. g4 Nfe7 29. f5 Qd5 30. Qe2 Ng8 31. h3 Nf6 32. Nd2 Kf8 33. Qe3 Ne5 34.
Bxe5 dxe5 35. Nf3 Ne4+ 36. Ke1 Kf7 37. c4 1-0

[Event "Gibraltar Masters"]
[Site "Caleta ENG"]
[Date "2011.01.31"]
[Round "7.85"]
[White "Collier, David O"]
[Black "Gholami, Armin"]
[Result "1-0"]
[WhiteElo "2108"]
[BlackElo "1779"]
[WhiteFideId "406422"]
[BlackFideId "1510487"]
[EventDate "2011.01.25"]
[EventType "swiss"]

1. d4 e6 2. e4 d5 3. Nd2 Nf6 4. e5 Nfd7 5. Ndf3 c5 6. c3 Nc6 7. Bd3 cxd4 8. cxd4
f6 9. exf6 Nxf6 10. Ne2 Bd6 11. O-O O-O 12. Bg5 Qc7 13. Rc1 Qf7 14. Bh4 h6 15.
Bg3 Bxg3 16. Nxg3 Nh5 17. Rxc6 Nxg3 18. Ne5 Qh5 19. Rxc8 Raxc8 20. hxg3 Qxd1 21.
Rxd1 Rc7 22. Kf1 Rfc8 23. Ke2 a6 24. g4 Kf8 25. Kd2 Ke7 26. Re1 Kd6 27. f4 b5
28. f5 Re8 29. Ng6 Rb7 30. Re5 Rbb8 31. Nf4 exf5 32. Rxd5+ Kc6 33. gxf5 Rbd8 34.
Rxd8 Rxd8 35. Be4+ Kd6 36. Nd3 Re8 37. Ke3 a5 38. Nc5 a4 39. Kd3 h5 40. Kc3 Kc7
41. Kb4 Kb6 42. Ne6 g6 43. fxg6 Rxe6 44. g7 Rxe4 45. g8=Q Rxd4+ 46. Kc3 Rg4 47.
Qd5 Ka6 48. a3 Rg3+ 49. Kd2 h4 50. Ke1 Rb3 51. Qd6+ Ka5 52. Qd8+ Ka6 53. Qxh4 1-0

[Event "Gibraltar Masters"]
[Site "Caleta ENG"]
[Date "2011.01.31"]
[Round "7.86"]
[White "Havik, Victor"]
[Black "Kuenitz, Klaus"]
[Result "0-1"]
[WhiteElo "2107"]
[BlackElo "1695"]
[WhiteFideId "1506757"]
[BlackFideId "4640713"]
[EventDate "2011.01.25"]
[EventType "swiss"]

1. d4 f5 2. g3 Nf6 3. c4 g6 4. Bg2 Bg7 5. Nc3 O-O 6. Nf3 d6 7. O-O Qe8 8. d5 Na6
9. Rb1 c5 10. a3 Nh5 11. h3 h6 12. Nd2 g5 13. e4 f4 14. g4 Nf6 15. e5 dxe5 16.
Nde4 Bd7 17. b4 cxb4 18. axb4 Rd8 19. Ba3 Nxe4 20. Bxe4 h5 21. f3 Nb8 22. Kg2
Bc8 23. Qc2 Rf6 24. Bh7+ Kh8 25. Bd3 Rh6 26. Ne4 Bf6 27. b5 Kg7 28. Bb2 Qf7 29.
Nxg5 Bxg5 30. Bxe5+ Kf8 31. Bxb8 hxg4 32. hxg4 Bxg4 33. fxg4 Rxb8 34. Bf5 Kg7
35. Rh1 Rbh8 36. Qe4 Qf6 37. Rbe1 Rxh1 38. Rxh1 Qb2+ 39. Qc2 f3+ 0-1

[Event "Gibraltar Masters"]
[Site "Caleta ENG"]
[Date "2011.01.31"]
[Round "7.88"]
[White "Georgieva, Emilia"]
[Black "Dasaolu, Adeoye"]
[Result "0-1"]
[WhiteElo "1907"]
[BlackElo "2107"]
[WhiteFideId "2902451"]
[BlackFideId "416061"]
[EventDate "2011.01.25"]
[EventType "swiss"]

1. d4 Nf6 2. Nf3 d5 3. Bg5 c6 4. c3 Qb6 5. Qb3 Bf5 6. Bxf6 gxf6 7. Nbd2 Nd7 8.
e3 e5 9. Qxb6 axb6 10. Nh4 Be6 11. g3 b5 12. Bg2 e4 13. O-O Be7 14. f3 f5 15.
fxe4 fxe4 16. Nf5 Bg5 17. Ng7+ Ke7 18. Rfe1 h5 19. Nxe6 fxe6 20. h3 Nb6 21. a3
Rhg8 22. Kh2 Raf8 23. Re2 Kd7 24. Rae1 Be7 25. Nb3 Bd6 26. Nc5+ Ke7 27. Kh1 Bxg3
28. Rf1 Rb8 29. h4 Na4 30. Nxa4 bxa4 31. Bh3 Bxh4 32. b3 axb3 33. Rb2 Rg3 0-1

[Event "Gibraltar Masters"]
[Site "Caleta ENG"]
[Date "2011.01.31"]
[Round "7.89"]
[White "Kuehnast, Volker"]
[Black "Schweizer, Manfred"]
[Result "1-0"]
[WhiteElo "1899"]
[BlackElo "2075"]
[WhiteFideId "24653756"]
[BlackFideId "4613317"]
[EventDate "2011.01.25"]
[EventType "swiss"]

1. e4 d6 2. d4 Nf6 3. Nc3 g6 4. f3 c6 5. Be3 Qa5 6. Qd2 b5 7. g4 h5 8. g5 Nfd7
9. f4 b4 10. Nce2 Bg7 11. Nf3 Nb6 12. Nc1 Na4 13. a3 Nxb2 14. Nb3 Qb6 15. axb4
Ba6 16. Qc3 Bxf1 17. Rxf1 Nd7 18. Qxb2 Qxb4+ 19. Bd2 Qb7 20. Qc3 c5 21. Qd3 O-O
22. Kf2 cxd4 23. Ra6 Rfc8 24. Rfa1 e5 25. Rxd6 Qc7 26. Rd5 exf4 27. Ra2 Rab8 28.
Qa6 Rb7 29. Qd6 Qc4 30. Qa6 Qxa6 31. Rxa6 Rxc2 32. Nbxd4 Rc4 33. Bxf4 Nc5 34.
Ra3 1-0

[Event "Gibraltar Masters"]
[Site "Caleta ENG"]
[Date "2011.01.31"]
[Round "7.90"]
[White "Henderikse, Bert"]
[Black "Henrichsen, Jens"]
[Result "1-0"]
[WhiteElo "2058"]
[BlackElo "1925"]
[WhiteFideId "1012266"]
[BlackFideId "1401858"]
[EventDate "2011.01.25"]
[EventType "swiss"]

1. d4 Nf6 2. Nf3 e6 3. c4 b6 4. g3 Ba6 5. b3 Bb4+ 6. Bd2 Be7 7. Bg2 c6 8. Bc3 d5
9. Nbd2 O-O 10. O-O Nbd7 11. Re1 Rc8 12. e4 dxe4 13. Nxe4 Bb7 14. Qc2 c5 15.
Nxf6+ Bxf6 16. Ng5 Bxg5 17. Bxb7 Rc7 18. Be4 h6 19. dxc5 Nxc5 20. Rad1 Rd7 21.
Rxd7 Qxd7 22. h4 Be7 23. Rd1 Qc7 24. Bf3 Rd8 25. a3 Rxd1+ 26. Qxd1 Qd8 27. Qxd8+
Bxd8 28. b4 Nd7 29. Kf1 Bc7 30. Ke1 Ne5 31. Be2 f6 32. f4 Nd7 33. h5 Kf7 34. Kd2
Ke7 35. Ke3 Bd6 36. Bf3 Nb8 37. Bb7 Nd7 38. Bc8 Nf8 39. Bb7 Nd7 40. Bc6 Nb8 41.
Bb5 Kd8 42. g4 Ke7 43. Ke4 Kf7 44. Bd4 Ke7 45. c5 Bc7 46. Kf3 Bd8 47. cxb6 axb6
48. g5 Kf7 49. gxh6 gxh6 50. Bc3 Ke7 51. a4 Kd6 52. f5 Be7 53. fxe6 Kxe6 54. Bd2
Bf8 55. a5 bxa5 56. bxa5 Nd7 57. Bxd7+ Kxd7 58. a6 Kc7 59. Be3 1-0

[Event "Gibraltar Masters"]
[Site "Caleta ENG"]
[Date "2011.01.31"]
[Round "7.91"]
[White "Compton, Alistair"]
[Black "Moreno Cervera, Jose Luis"]
[Result "1-0"]
[WhiteElo "2046"]
[BlackElo "1903"]
[WhiteFideId "4300645"]
[BlackFideId "2274213"]
[EventDate "2011.01.25"]
[EventType "swiss"]

1. e4 c6 2. d4 d5 3. e5 Bf5 4. c4 Bxb1 5. Rxb1 e6 6. a3 dxc4 7. Bxc4 Ne7 8. Nf3
Nd5 9. O-O b5 10. Bd3 a5 11. Ng5 g6 12. Qf3 Ra7 13. Ne4 h5 14. Bg5 Qd7 15. Rbc1
Be7 16. Bxe7 Qxe7 17. Nd6+ Kd8 18. Bxb5 Qxd6 19. exd6 cxb5 20. Rc5 Rb7 21. Rxd5
exd5 22. Qf6+ 1-0

[Event "Gibraltar Masters"]
[Site "Caleta ENG"]
[Date "2011.01.31"]
[Round "7.92"]
[White "Perez Reisler, Jose"]
[Black "Becking, Franz Josef"]
[Result "1-0"]
[WhiteElo "1893"]
[BlackElo "2029"]
[WhiteFideId "3100820"]
[BlackFideId "4632540"]
[EventDate "2011.01.25"]
[EventType "swiss"]

1. e4 e6 2. d4 d5 3. Nd2 c5 4. exd5 exd5 5. Bb5+ Nc6 6. Ngf3 a6 7. Bxc6+ bxc6 8.
O-O Bd6 9. dxc5 Bxc5 10. Nb3 Bd6 11. Nbd4 Ne7 12. Re1 O-O 13. Bg5 Qc7 14. Bxe7
Bxe7 15. Nxc6 Qxc6 16. Rxe7 Be6 17. Nd4 Qc5 18. Rb7 Rab8 19. Rb3 Bd7 20. Qd3
Rbe8 21. h3 Re4 22. c3 Qd6 23. Qg3 Qf6 24. Qc7 Rfe8 25. Rf1 Re1 26. Rb8 Rxb8 27.
Qxb8+ Re8 28. Qb7 Qd6 29. Rd1 Rb8 30. Qa7 Rxb2 31. Nb3 h6 32. Qa8+ Kh7 33. Qxd5
Qf6 34. Qd4 Qf5 35. Nc5 Bc6 36. a4 g6 37. c4 Qg5 38. g3 Qf5 39. Qxb2 Qf3 40. Rd5
Bxd5 41. cxd5 Qd1+ 42. Kh2 a5 1-0

[Event "Gibraltar Masters"]
[Site "Caleta ENG"]
[Date "2011.01.31"]
[Round "7.93"]
[White "Gonzalez Amaya, Millan"]
[Black "Spanton, Tim R"]
[Result "0-1"]
[WhiteElo "1817"]
[BlackElo "2007"]
[WhiteFideId "2262991"]
[BlackFideId "404802"]
[EventDate "2011.01.25"]
[EventType "swiss"]

1. e4 e6 2. d4 d5 3. e5 c5 4. c3 Bd7 5. Nf3 Qb6 6. a4 cxd4 7. cxd4 Nc6 8. Be2
Nge7 9. Na3 Nf5 10. Nc2 Rc8 11. O-O Na5 12. b3 Qxb3 13. Bd3 Bxa4 14. g4 Rc3 15.
Nfe1 Nxd4 16. Bd2 Rxc2 17. Bxc2 Nxc2 18. Nxc2 Nc4 19. Bc3 Qxc3 20. Rxa4 Nb2 21.
Qa1 Nxa4 22. Qxa4+ Qc6 23. Qxa7 Qxc2 24. Qb8+ Kd7 25. Qxb7+ Qc7 26. Qb5+ Qc6 27.
Qb8 Qc7 28. Qb5+ Ke7 29. Qb4+ Kd8 30. Qa4 Qxe5 31. Rb1 Bd6 32. Qa8+ Ke7 33. Rb7+
Kf6 34. Qxh8 Qxh2+ 35. Kf1 Qh3+ 36. Ke2 Qxg4+ 37. Kf1 Qc4+ 38. Kg2 Kg6 39. Qd8
Qf4 40. Qd7 Bc5 41. f3 h5 42. Qb5 Be3 43. Qd3+ Kh6 44. Rb1 h4 0-1

[Event "Gibraltar Masters"]
[Site "Caleta ENG"]
[Date "2011.01.31"]
[Round "7.94"]
[White "Knudsen, Jes West"]
[Black "Wright, Jonathan ENG"]
[Result "1-0"]
[WhiteElo "2000"]
[BlackElo "1895"]
[WhiteFideId "1405985"]
[BlackFideId "418331"]
[EventDate "2011.01.25"]
[EventType "swiss"]

1. e4 d5 2. exd5 Nf6 3. Nf3 Nxd5 4. d4 Bg4 5. Be2 e6 6. h3 Bh5 7. c4 Nb6 8. Nc3
Be7 9. g4 Bg6 10. Ne5 N8d7 11. Nxg6 hxg6 12. c5 Nc8 13. Qb3 Rb8 14. Be3 O-O 15.
O-O-O c6 16. Qc2 b5 17. Bf3 b4 18. Na4 Qc7 19. Qe4 b3 20. a3 e5 21. Qxc6 Bd8 22.
Qxc7 Bxc7 23. d5 1-0

[Event "Gibraltar Masters"]
[Site "Caleta ENG"]
[Date "2011.01.31"]
[Round "7.95"]
[White "Shepherd, Michael"]
[Black "Winkler, Stefan1"]
[Result "0-1"]
[WhiteElo "1999"]
[BlackElo "1867"]
[WhiteFideId "2401444"]
[BlackFideId "4698142"]
[EventDate "2011.01.25"]
[EventType "swiss"]

1. d4 d5 2. c4 c6 3. Nf3 Nf6 4. Qc2 dxc4 5. Qxc4 Bf5 6. Nc3 e6 7. g3 Nbd7 8. Bg2
Nb6 9. Qb3 Bd6 10. O-O O-O 11. Nh4 Bg6 12. Nxg6 hxg6 13. e4 e5 14. dxe5 Bxe5 15.
Be3 Ng4 16. Rad1 Qc7 17. Bc5 Rfd8 18. h3 Bxc3 19. bxc3 Ne5 20. f4 Nec4 21. Rxd8+
Rxd8 22. Rd1 Nd2 23. Qc2 Nbc4 24. Re1 g5 25. e5 Qa5 26. Be7 Qb6+ 27. Kh2 Nf3+
28. Bxf3 Rd2+ 0-1

[Event "Gibraltar Masters"]
[Site "Caleta ENG"]
[Date "2011.01.31"]
[Round "7.98"]
[White "Phillips, Owen S"]
[Black "Bishop, Peter"]
[Result "1-0"]
[WhiteElo "1992"]
[BlackElo "1784"]
[WhiteFideId "417882"]
[BlackFideId "613053"]
[EventDate "2011.01.25"]
[EventType "swiss"]

1. d4 f5 2. g4 d6 3. gxf5 Bxf5 4. Bg2 c6 5. e4 Bg6 6. Nh3 Nd7 7. O-O Qa5 8. Bd2
Qh5 9. Qxh5 Bxh5 10. Nc3 h6 11. Nf4 Bf7 12. Bh3 Ngf6 13. Ne6 Bxe6 14. Bxe6 g5
15. a4 Bg7 16. b4 Nf8 17. Bb3 N6d7 18. Ne2 e6 19. c3 Ke7 20. Ng3 Ng6 21. Nh5 Bf6
22. a5 Nh4 23. Bd1 e5 24. Be3 Rhf8 25. Bg4 Rf7 26. Rad1 Nf8 27. d5 Nfg6 28. c4
Nf4 29. dxc6 bxc6 30. c5 d5 31. Bxf4 gxf4 32. exd5 cxd5 33. Rxd5 Rg8 34. h3 Nf5
35. Kh2 Nd4 36. Kh1 Rb8 37. Rb1 Nc6 38. Rd7+ Kf8 39. Rd6 Nxa5 40. Nxf6 Nc4 41.
Nd7+ 1-0

[Event "Gibraltar Masters"]
[Site "Caleta ENG"]
[Date "2011.01.31"]
[Round "7.101"]
[White "Haga, Halvor"]
[Black "Zaky, Tamir"]
[Result "1-0"]
[WhiteElo "2024"]
[BlackElo "1861"]
[WhiteFideId "1507532"]
[BlackFideId "651451"]
[EventDate "2011.01.25"]
[EventType "swiss"]

1. e4 c5 2. Nf3 Nc6 3. g3 g6 4. Bg2 Bg7 5. O-O e5 6. c3 Nge7 7. d3 O-O 8. Qe2 d6
9. a3 h6 10. b4 a6 11. Bb2 b6 12. Nbd2 Be6 13. Rfd1 Ra7 14. Nf1 Rd7 15. d4 Bb3
16. Rd2 c4 17. Ne3 b5 18. Nh4 Qb6 19. Bh3 Rc7 20. d5 Nd4 21. cxd4 exd4 22. Bxd4
Bxd4 23. Rc1 a5 24. Nf3 Bxe3 25. fxe3 Rfc8 26. Bxc8 Rxc8 27. Rc3 g5 28. Nd4 a4
29. Qh5 Kg7 30. Rf2 Rf8 31. Ne6+ fxe6 32. Rxf8 Kxf8 33. dxe6 Ng6 34. Qxg6 Qc7
35. Qf6+ Ke8 36. Qh8+ 1-0

[Event "Gibraltar Masters"]
[Site "Caleta ENG"]
[Date "2011.01.31"]
[Round "7.102"]
[White "Bauder, Herbert"]
[Black "Gillespie, Gary"]
[Result "0-1"]
[WhiteElo "2005"]
[BlackElo "1848"]
[WhiteFideId "4685431"]
[BlackFideId "2402777"]
[EventDate "2011.01.25"]
[EventType "swiss"]

1. d4 Nf6 2. c4 e6 3. Nf3 d5 4. Nc3 c6 5. Bg5 Nbd7 6. e3 Qa5 7. cxd5 exd5 8. Qc2
Bd6 9. Be2 O-O 10. O-O h6 11. Bh4 Re8 12. a3 Qc7 13. Rac1 Ng4 14. Bg3 Bxg3 15.
hxg3 Ndf6 16. Qd3 Bd7 17. b4 Qd6 18. Nd2 a5 19. Rb1 axb4 20. axb4 Ra3 21. Qc2
Rxe3 22. fxe3 Qxg3 23. Bxg4 Qxe3+ 24. Rf2 Rxc3 25. Nf1 Qxd4 26. Rd1 Rxc2 27.
Rxd4 Rxf2 28. Kxf2 Nxg4+ 29. Kg3 Ne5 30. Ne3 Kf8 31. Kf4 f6 32. g4 g5+ 33. Kg3
Kg7 34. Rd1 Kg6 35. Rd2 Be6 36. Rh2 d4 37. Nc2 Nxg4 38. Rd2 d3 39. Nd4 Bc8 40.
Rxd3 Ne5 41. Ra3 h5 42. Ra8 h4+ 43. Kh2 Bd7 44. Rb8 b5 45. Rg8+ Kf7 46. Rh8 Bg4
47. Kg2 Kg7 48. Rd8 Bd7 49. Nf3 Bh3+ 50. Kxh3 Nxf3 51. Kg4 Ne5+ 52. Kf5 g4 53.
Rc8 g3 54. Rc7+ Nf7 55. Rxc6 h3 56. Rc3 g2 57. Rg3+ Ng5 0-1

[Event "Gibraltar Masters"]
[Site "Caleta ENG"]
[Date "2011.01.31"]
[Round "7.103"]
[White "Lundback, Karl"]
[Black "Reid, Vaness"]
[Result "1/2-1/2"]
[BlackTitle "WFM"]
[WhiteElo "1969"]
[BlackElo "1841"]
[WhiteFideId "1716026"]
[BlackFideId "3205835"]
[EventDate "2011.01.25"]
[EventType "swiss"]

1. e4 c6 2. d3 d5 3. Nd2 dxe4 4. dxe4 Nf6 5. Ngf3 Bg4 6. Be2 Nbd7 7. O-O e5 8.
c3 Bc5 9. Qc2 Bh5 10. b4 Bb6 11. Bb2 a5 12. Nc4 O-O 13. bxa5 Bxa5 14. Nfxe5 Bxe2
15. Qxe2 Nxe5 16. Nxe5 Qb6 17. Qc2 Rfe8 18. Nc4 Qc5 19. Nd2 Bb6 20. c4 Ng4 21.
Nb3 Qd6 22. g3 Qh6 23. h4 Qe6 24. c5 Bc7 25. Bd4 Rad8 26. Rfe1 Be5 27. Bxe5 Nxe5
28. Kg2 Qg4 29. Re3 Re6 30. f4 Ng6 31. Kf1 Rf6 32. Qe2 Qh3+ 33. Ke1 Ne5 34. Qf1
Nd3+ 35. Rxd3 Qxf1+ 36. Kxf1 Rxd3 37. Kf2 Re6 38. Re1 f6 39. Re2 Rc3 40. h5 Rc4
41. Kf3 Re8 42. g4 Rd8 43. g5 Rd3+ 44. Kg4 Rcc3 45. gxf6 gxf6 46. e5 fxe5 47.
Rxe5 Rg3+ 48. Kf5 Rce3 49. Na5 Rxe5+ 50. Kxe5 Rg7 51. a4 Re7+ 52. Kd6 Kf7 53. f5
Kf6 54. Nxb7 Rxb7 55. Kxc6 Ra7 56. Kb5 Kxf5 57. a5 Ke6 58. Kb6 Rf7 59. a6 Kd5
60. c6 Kd6 1/2-1/2

[Event "Gibraltar Masters"]
[Site "Caleta ENG"]
[Date "2011.01.31"]
[Round "7.104"]
[White "De Lillo, Michele"]
[Black "Forsa, Elise"]
[Result "0-1"]
[WhiteElo "1964"]
[BlackElo "1726"]
[WhiteFideId "814504"]
[BlackFideId "1500163"]
[EventDate "2011.01.25"]
[EventType "swiss"]

1. d4 d5 2. Nf3 Nf6 3. Bf4 e6 4. e3 a6 5. Nbd2 c5 6. dxc5 Bxc5 7. Bd3 Nbd7 8.
O-O O-O 9. Ne5 Nxe5 10. Bxe5 Bd6 11. Nf3 Qc7 12. Bxd6 Qxd6 13. c4 Qb6 14. Qe2
Bd7 15. cxd5 Nxd5 16. Ne5 Nf6 17. Rac1 Rac8 18. Qd2 Bc6 19. Nxc6 Rxc6 20. Rxc6
Qxc6 21. Bb1 Qb6 22. Rd1 Rc8 23. h3 h6 24. Kh2 Qc7+ 25. Qd6 Qxd6+ 26. Rxd6 Kf8
27. Rd1 Ke7 28. Kg3 Rc7 29. Kf3 Rc4 30. e4 Rc5 31. Ke3 Rg5 32. Rg1 Rb5 33. b3 e5
34. Rc1 Kd8 35. Bd3 Rb6 36. Bc4 Rc6 37. Rd1+ Ke7 38. a4 Rc7 39. f4 exf4+ 40.
Kxf4 Nd7 41. e5 Nf8 42. Ke4 Ne6 43. h4 Nc5+ 44. Ke3 Nxa4 45. Bxf7 Kxf7 46. bxa4
Ke6 47. Rd4 Kxe5 48. Rb4 Rc3+ 49. Kf2 Rc7 50. Ke3 Kd5 51. Kd3 Rd7 52. Kc3 Kc5
53. Rc4+ Kb6 54. Rg4 Ka5 55. Kb3 Re7 56. Rf4 b5 57. axb5 axb5 58. g4 Re3+ 59.
Kb2 Rg3 60. Re4 b4 61. g5 hxg5 62. Re5+ Ka4 63. Rxg5 Rxg5 64. hxg5 g6 65. Ka2
Kb5 66. Kb3 Kc5 67. Kb2 Kc4 68. Kc2 Kd4 69. Kb3 Ke5 70. Kxb4 Kf5 71. Kc3 Kxg5
72. Kd2 Kf4 73. Ke1 Kg3 74. Kf1 g5 0-1

[Event "Gibraltar Masters"]
[Site "Caleta ENG"]
[Date "2011.01.31"]
[Round "7.106"]
[White "Berggren, Klas"]
[Black "Birkestrand, Odd"]
[Result "1/2-1/2"]
[WhiteElo "1463"]
[BlackElo "1894"]
[WhiteFideId "1715089"]
[BlackFideId "1505548"]
[EventDate "2011.01.25"]
[EventType "swiss"]

1. d4 Nf6 2. Bf4 d5 3. e3 g6 4. Be2 Bg7 5. Nf3 Nh5 6. Bg5 O-O 7. Nbd2 Nd7 8. e4
dxe4 9. Nxe4 Nhf6 10. Nxf6+ Nxf6 11. h3 b6 12. O-O Ne4 13. Be3 Bb7 14. c3 e6 15.
Nd2 Qe7 16. Nxe4 Bxe4 17. Bf3 Bxf3 18. Qxf3 Rfe8 19. Rfd1 Rad8 20. Rd2 Rd7 21.
Rad1 Red8 22. Qe2 c6 23. Rd3 Qh4 24. Qd2 Qh5 25. Bg5 f6 26. Be3 Qd5 27. b3 b5
28. Bh6 Kf7 29. Bxg7 Kxg7 30. Qe2 Kf7 1/2-1/2

[Event "Gibraltar Masters"]
[Site "Caleta ENG"]
[Date "2011.01.31"]
[Round "7.107"]
[White "Matto, Manuel"]
[Black "Jorgensen, Line Jin"]
[Result "0-1"]
[WhiteElo "1838"]
[BlackElo "1892"]
[WhiteFideId "413062"]
[BlackFideId "1505467"]
[EventDate "2011.01.25"]
[EventType "swiss"]

1. d4 Nf6 2. Nf3 d5 3. g3 e6 4. Bg2 Bd6 5. c4 c6 6. c5 Bc7 7. Nc3 O-O 8. Bg5
Nbd7 9. Qd2 e5 10. e4 exd4 11. Nxd4 dxe4 12. Nxe4 Qe8 13. Qc2 Nxe4 14. Qxe4 Nxc5
15. Qxe8 Rxe8+ 16. Kf1 Ne6 17. Be3 Nxd4 18. Bxd4 Be6 19. h3 Bb6 20. Be3 Bc4+ 21.
Kg1 Bxe3 22. fxe3 Rxe3 23. b3 Be6 24. Kh2 Rd8 25. Rhe1 Rxe1 26. Rxe1 Rd2 27. a4
g6 28. Kg1 Rd3 29. b4 Rxg3 30. Kh2 Rb3 31. b5 cxb5 32. Bxb7 bxa4 33. Bc6 a3 34.
Ra1 Rb2+ 35. Kg3 a2 36. Be4 Rb3+ 37. Kf4 Rxh3 38. Ke5 Kg7 39. Kd6 Re3 40. Bc2 h5
41. Ba4 h4 42. Kc7 h3 43. Kb8 h2 44. Bc6 Rb3+ 45. Kxa7 Rb1 0-1